000 00772nam a2200253Ia 4500
003 OSt
005 20220923224619.0
006 a|||||r|||| 00| 0
007 ta
008 Pun
024 _a247,331
037 _cTextual
040 _aARTS
_cARTS
_bPun
041 _2Pun
_aPun
082 _aO153,1F73:g, L4
100 _aਬੇਦੀ, ਕਾਲਾ ਸਿੰਘ
245 0 _aਖ਼ਰੀਦ ਤੇ ਖ਼ਰੀਦ ਬਾਣੀ
260 _aਦਿੱਲੀ
_b ਪੰਜਾਬੀ ਬੁਕ ਸਟੋਰ
_c1974
300 _a140ਪੰ
_ccm.
650 _a ਪੰਜਾਬੀ ਕਾਵਿ
650 _aਪੰਜਾਬੀ ਸਾਹਿਤ
942 _hO153,1F73:g, L4
_cTEXL
_2CC
999 _c372535
_d372535